000 00687nam a2200217Ia 4500
001 9787
003 GE_BSU
008 181216s||||||||xx |||||||||||||| ||und||
040 _cGE_BSU
080 _aმწერვალისაკენ
100 _aმესხი,კოტე
245 _aმწერვალისაკენ
245 _bმოთხრობები
245 _cრედ.ნ.ბეზარაშვილი.მხატვ.ი.ქლიბაძე
260 _aთბილისი
260 _bნაკადული
260 _c1965
300 _a71გვ.17სმ.
653 _aმწერვალისაკენ
942 _cBK
999 _c43067
_d43067